US Territories Quiz Stats

 Plays Quiz Updated Dec 29, 2018

Support Sporcle.
Go Orange.
Score 0/14 Timer 05:00
1 Play Today
Territory % Correct
Puerto Rico
94.8%
Guam
78.3%
U.S. Virgin Islands
67.6%
American Samoa
43.6%
Midway Islands
28%
Northern Mariana Islands
19.2%
Wake Island
18.4%
Territory % Correct
Johnston Atoll
10.7%
Baker Island
10.5%
Howland Island
9.6%
Palmyra Atoll
9.2%
Jarvis Island
9.1%
Navassa Island
7.8%
Kingman Reef
7.6%

From the Vault

15-Letter Vocabulary (Medium)

by Tom007

Language 10m
Now's not the time for procrastination.
Remove Ads.
Support Sporcle.
Get the best of Sporcle when you Go Orange. This ad-free experience offers more features, more stats, and more fun while also helping to support Sporcle. Thank you for becoming a member.

Show Comments

Extras

Top Quizzes Today


Score Distribution

Your Account Isn't Verified!

In order to create a playlist on Sporcle, you need to verify the email address you used during registration. Go to your Sporcle Settings to finish the process.

Report this User

Report this user for behavior that violates our Community Guidelines.

Details: